Top 10 Biggest Countries by Population - Statistics

General Stats
  • This quiz has been taken 45 times
  • The average score is 9 of 10
Answer Stats
Hint Answer % Correct
1 China
100%
3 USA
100%
2 India
98%
9 Russia
98%
5 Brazil
95%
4 Indonesia
91%
10 Japan
91%
6 Pakistan
81%
7 Nigeria
79%
8 Bangladesh
70%
No matching quizzes found
Score Distribution
Percent of People with Each Score
Percentile by Number Answered
Your Score History
You have not taken this quiz